000 01021nam a2200301 i 4500
001 25399
003 KOSZ 005
005 20200825115358.0
008 071022s1971 pl a f 000 0 pol
015 _aPB 1971/10851
035 _a(OCoLC)839018607
040 _aWA N
_cWA N
_dKOSZ 005/KK
080 _a658:62:331.82:659
100 1 _aJakubiak, Janina.
_eAutor.
245 1 0 _aPopularyzacja bhp w przedsiębiorstwie /
_cJanina Jakubiak.
260 _aWarszawa :
_bWydawnictwo Związkowe CRZZ,
_c1971.
300 _a127, [1] stron :
_bilustracje ;
_c18 cm.
336 _2rdacontent
_aTekst
_btxt
337 _2rdamedia
_aBez urządzenia pośredniczącego
_bn
338 _2rdacarrier
_aWolumin
_bnc
380 _aDruki ulotne.
658 _aMedycyna i zdrowie
650 4 _aPrzemysł
650 4 _aBHP
710 _aWydawnictwo Związkowe CRZZ
_4pbl.
856 _uhttp://koha.tu.koszalin.pl/cgi-bin/koha/opac-detail.pl?biblionumber=25399
_yKatalog online BPK
942 _2UKD
_cKS
999 _c25399
_d25399